00859 a2200241 4500010001400000020002300014035001300037037001600050082001000066090001700076100001700093245009900110260004400209260002000253270007300273300003500346500002100381700001900402700001900421942002500440999001700465952013500482 aENG-89796 a8170222656c500.00 aEN-73329 bDBAD / VEN14a304.6 c11692d116921 aMandal, R.B.1 aIntroductory methods in population analysis/cby R.B. Mandal, Joseph Uyanga and Hanuman Prasad aNew DelhibConcept Publishing Co.c2007 bBook Link (VEN) aA/15-16, commercial Block, Mohan Garden,e110 059.bNew DelhicDelhi aviii, 267p.:c21 cm (Hb)bfig. aIncludes index. aUyanga, Joseph aHanuman Prasad adplcENk304.6 / MAN c11372d11372 00102ddc40718NFICaDBADbDBADeDBAD/PUBg500.00l0o304.6 MANpEN-73329r2008-09-15 00:00:00t1u12484v500.00w2008-09-15yEN